000 00934nam a22002297a 4500
003 DO-SdBNP
005 20220118101628.0
008 220118b2010 ||||| |||| 00| 0 spa d
040 _aDO-SdBNP
_bspa
_cBNPHU
082 _axxx
_bC397e
110 _aCentro Nacional de Investigaciones En Salud Materno-Infantil
_bDr. Hugo Mendoza
_980958
245 _aEvaluación de la calidad de atención a la embarazada y al niño sano en centros de primer nivel de atención de las regiones de salud III.IV, V y VI de la República Dominicana :
_bresultados de la segunda fase /
_cEditado por Eddy Pérez-Then
260 _aSanto Domingo :
_bCENISMI,
_c2010
300 _a104 p. :
_c28 cm
490 _aSerie de publicaciones técnicas 1
590 _aInventariado, 2022 / DG
650 _aPerinatología
_980959
650 _aAtención hospitalaria
_980960
700 _aPérez Then, Eddy
_eeditor
_980961
910 _aD/G
942 _2ddc
_cLBS1
999 _c51181
_d51181